000 02898njm a2200505Ia 4500
001 25676
003 IT-RoPAU
005 20220918181117.0
008 131025s9999 xx 000 0 und d
040 _aIT-RoPAU
040 _cIT-RoPAU
999 _c99538
_d99538
999 _bn.d.
100 _aAA.VV.
_9794
100 _eAutore musica
_913472
100 _gCodice autore musica SPICS: 12000
_9796
245 _aHi-Fi Meet jJazz-Big Four
250 _a2a ed.
260 _aMILANO
260 _bMUSICA JAZZ
_c1982 [1a Ed.:1981 - Ed. Lingua Orig.: 1940]
300 _aDISCO
300 _c41 minuti (Testo: pag.)
500 _aMusica jazz
505 _aIf I Could Be With You (5:00) - That's a Plenty (5:00) - Sweet Lorraine (5:00) - China Boy (4:00) - Squeeze Me (3:00) - Nobody's Sweetheart (4:00) - Big Four Blues (5:00) - There'll Be Some Changes Made (5:00) - On the Sunny Side of the Street (5:00) - Chicago (4:00)
511 _aKlein Oscar: tromba; Patruno Lino: chitarra; Bagnoli Carlo: sax soprano; Ratti Marco: contrabbasso
650 _aJAZZ [DISCHI]
_eCodice MATERIA SPICS: 9950
_913473
700 _aKramer Gorni
_dCodice autore musica SPICS: 11552
_eAutore musica
_pIf I Could Be With You
_913474
700 _aJohnson
_dCodice autore SPICS: 20146
_eAutore
_pIf I Could Be With You
_913475
700 _aPollack Ben
_dCodice autore musica SPICS: 10735
_eAutore musica
_pThat's a Plenty
_913476
700 _aBurwell Clifford
_dCodice autore musica SPICS: 20258
_eAutore musica
_pSweet Lorraine
_913477
700 _aParish Mitchell
_dCodice autore SPICS: 23767
_eAutore
_pSweet Lorraine
_913478
700 _aWinfree
_dCodice autore musica SPICS: 27779
_eAutore musica
_pChina Boy
_913479
700 _aBouteljie
_dCodice autore SPICS: 20919
_eAutore
_pChina Boy
_913480
700 _aWaller Thomas Fats
_dCodice autore musica SPICS: 15948
_eAutore musica
_pSqueeze Me
_913481
700 _aWilliams
_dCodice autore SPICS: 20150
_eAutore
_pSqueeze Me
_913482
700 _aKahn
_dCodice autore musica SPICS: 19977
_eAutore musica
_pNobody's Sweetheart
_913483
700 _aErdman
_dCodice autore SPICS: 27780
_eAutore
_pNobody's Sweetheart
_913484
700 _aSchoebel
_dCodice autore testo/musica SPICS: 20143
_eAutore testo/musica
_pNobody's Sweetheart
_913485
700 _aPatruno Lino
_dCodice autore musica SPICS: 27781
_eAutore musica
_pBig Four Blues
_913486
700 _aHiggins A.P.
_dCodice autore musica SPICS: 5489
_eAutore musica
_pThere'll Be Some Changes Made
_913487
700 _aOverstreet
_dCodice autore SPICS: 20154
_eAutore
_pThere'll Be Some Changes Made
_913488
700 _aFields Dorothy
_dCodice autore musica SPICS: 15865
_eAutore musica
_pOn the Sunny Side of the Street
_913489
700 _aMcHugh Jimmy
_dCodice autore SPICS: 16297
_eAutore
_pOn the Sunny Side of the Street
_913490
700 _aFisher
_dCodice autore musica SPICS: 20482
_eAutore musica
_pChicago
_913491
942 _cMD
_2ddc